00568 2200205 4500001002100000005001700021008004100038020002200079035002500101040001200126082001200138090002300150100001200173245006100185260003000246300003100276650002100307850001200328990002200340YOGYA-1211000000009620150527153925.0 ind  a978-979-29-2216-5 a0010-121100000000096 aYOPDYOG a004.692 aDEP 004.692bDes S aDessy D aSms romantis dan gombal abis dancDessy D; editor Fiva S aYogyakartabG Mediac2010 a33 hlm. :bilus. ;c19 cm. aSurat elektronik aYOPDYOG aCB-D.11-2010-2167